Arquitectura y ciudad /
Guardado en:
| Autor principal: | |
|---|---|
| Otros autores: | |
| Formato: | Libro |
| Idioma: | Español |
| Publicado: |
México :
Instituto Politécnico Nacional,
1998, c1998
|
| Temas: | |
| Etiquetas: |
Sin etiquetas, Sé el primero en etiquetar este registro!
|
MARC
| LEADER | 00000nam^a2200000^a^4500 | ||
|---|---|---|---|
| 001 | 000184918 | ||
| 005 | 20250521000000.0 | ||
| 009 | 20260310102133.811 | ||
| 020 | |a 968-7724-74-0 | ||
| 037 | |a Acervo ITESO - Biblioteca | ||
| 041 | |a ESP | ||
| 082 | |a 720. 9 |b TOC | ||
| 100 | |a Toca Fernández, Antonio |e (autor) | ||
| 245 | 1 | 0 | |a Arquitectura y ciudad / |c A. Toca Fernández ; presen. de D. Guerra Rodríguez. |
| 264 | 4 | |a México : |b Instituto Politécnico Nacional, |c 1998, c1998 | |
| 300 | |a 367 p. | ||
| 336 | |a texto |b txt |2 rdacontenido | ||
| 337 | |a sin mediación |b n |2 rdamedio | ||
| 338 | |a volumen |b nc |2 rdasoporte | ||
| 561 | |a Dedicatoria con la leyenda: Para José Antonio con afecto, A. Toca | ||
| 649 | |a XX | ||
| 650 | |a Arquitectura Mexicana - |x Historia y Crítica | ||
| 650 | |a Arquitectura Latinaomericana - |x Historia y Crítica | ||
| 650 | |a Arquitectura Norteamericana - |x Historia y Crítica | ||
| 650 | |a Arquitectura - |x Historia y Crítica - |x Tema Principal | ||
| 650 | |a Arte Mexicano - |x Historia y Crítica | ||
| 650 | |a Arte Latinoamericano - |x Historia y Crítica | ||
| 650 | |a Arte Norteamericano - |x Historia y Crítica | ||
| 650 | |a Arte - |x Historia y Crítica | ||
| 650 | |a Desarrollo Urbano | ||
| 650 | |a Urbanismo | ||
| 700 | |a Guerra Rodríguez, Diódoro |e (presentación) | ||
| 910 | |a Fondo Julio de la Peña Lomelín | ||
| 920 | |a Impresos - Libros | ||
| 930 | |a Arquitectos Jaliscienses | ||
| 905 | |a 115 | ||
| 901 | |a 0500132743 |b IT1 |c JAL |u 20250521 | ||
| 902 | |a https://opac.biblio.iteso.mx/vufind/Record/000184918 | ||